000 00590nam a22001937a 4500
005 20251108165852.0
008 250721s1982 xx 000 0 ara d
082 1 4 _aم/630.95605/إشب
100 1 _aالإشبيلي، أحمد بن محمد الحجاج
245 1 0 _aالمقنع في الفلاحة /
264 1 _aعمان :
_bمجمع اللغة العربية،
_c1982.
300 _a162ص
650 1 7 _aالزراعة
650 1 7 _aالأندلس
700 1 _aجرار، صلاح
_eتحقيق
700 1 _aأبو حيفه، جاسر
942 _2ddc
_cREF
999 _c33419
_d33419